000 00812cam a22001935a 4500
001 L140558
008 070928i18401941xxk eng u
035 _a(Sirsi) u140558
041 0 _aeng
110 2 _aGeorge Robins
245 0 1 _a[Particulars and conditions of sale of various properties sold at the Auction Mart, London by George Robins from 1840 to 1841]
260 _aS.l.
_bs.n
_c1840-1841
300 _a4 items
_bcol., maps
_c39 cm.
351 _cSingle item
500 _aParticulars and conditions of sale for Chessel House, Southampton; the Wheston Hall Estate, Derbyshire and a property in Cross Deep, Twickenham. Includes plans of the first two properties.
651 4 _aEngland
_y886-
690 _aPROPERTY-PROPERTY ACQUISITION AND DISPOSAL-ACQUISITION AND DISPOSAL AT AUCTION
942 _n0
999 _c116354
_d116354